000 00292nam a22001337a 4500
008 170411b xxu||||| |||| 00| 0 eng d
020 _a0865421536
041 _aeng
080 _a618
100 _a10
101 _aSHM
245 _aCRITICAL CARE OBSTETRICS
_cCLARK.S.L
942 _2udc
_cBK
999 _c10334
_d10334